| 000 | 01296nam a2200373 c 4500 | ||
|---|---|---|---|
| 999 |
_c30799 _d30799 |
||
| 003 | BLK | ||
| 005 | 20220210090032.0 | ||
| 008 | 180407b bul|||||r ||||||| ||bul|| | ||
| 010 | _aKNG00033437000 | ||
| 040 | _aBLK | ||
| 041 |
_aBUL _cBUL |
||
| 072 | 7 |
_2bullib _aК _xКраезнание |
|
| 072 | 7 |
_2bullib _aЯ _xАвтографи |
|
| 080 |
_aВисше образование. Висши учебни заведения _b378 _x(497.215)(091) _z378(497.215)(091) |
||
| 100 | 1 |
_aНеделчев, Иван _eпърви автор _9271054 |
|
| 139 |
_aНеделчев, Иван _bН 44 |
||
| 245 | 1 | 0 |
_aРусенският университет _bСпомени за началото _cИван Неделчев. |
| 257 | _aBGR | ||
| 260 |
_bРусенски унив. Ангел Кънчев _c2000 |
||
| 300 |
_a142 с. _bсъс сн. _c20 см |
||
| 380 | _a3 | ||
| 650 | 4 |
_aВисши учебни заведения - България - Русе _9271055 |
|
| 651 | 4 |
_aБългария _9241624 |
|
| 651 | 4 |
_aРусе _9179462 |
|
| 653 | _aуниверситети | ||
| 653 | _aРусе | ||
| 659 | _aК | ||
| 659 | _aЯ | ||
| 852 | _aЦб 205954 | ||
| 852 | _aК 378/Н 44 | ||
| 856 | 4 | _qpdf | |
| 856 | 4 | _qpdf | |
| 942 |
_cKNG _n0 _s1 |
||
| 944 |
_aCR _c13.02.2003 _kAB_DOS |
||
| 944 |
_aED _c05.01.2017 _kВиолета_Тройчева |
||
| 999 | _d30799 | ||